• 首页
  • 本馆介绍
  • 公告通知
  • 最新文献
  • 馆藏检索
  • 电子资源
  • 读者导购
  • 参考咨询
  • 我的图书馆
  • 登录
  • 详细信息显示
  • 放入我的书架
  • 预约/预借图书
  • 作者相关作品
  • 分类相关作品
  • 丛书相关作品
  • 出版社相关作品

书目信息

  • 表格格式
  • 工作单格式
  • 卡片格式
题名:
实验动物医学
    
 
作者: 福克斯 , 萧佩蘅 编
分册:  
出版信息: 北京   农业出版社  1991.6
页数: 948页
开本: 26cm
丛书名:
单 册:
中图分类: R-332
科图分类:
主题词: 实验医学
电子资源:
ISBN: 7-109-01304-9
000 00543nam0 2200193 45
001 0181022533
005 20061122094334.45
010    @a7-109-01304-9@b精装@dCNY47.50
100    @a20810111d km y0chiy0120 ea
101 0  @achi
200 1  @Ashi yan dong wu yi xue@F( mei ) fu ke si deng bian ; x@a实验动物医学@f(美)福克斯等编;萧佩蘅等译
210    @a北京@c农业出版社@d1991.6
215    @a948页@d26cm
606 0  @a实验医学
690    @aR-332@v3
701 0  @a福克斯@4编
701 0  @a萧佩蘅@4译
801    @aCN@bTSTC@c20061122
905    @dR-332@e7
    
    实验动物医学/(美)福克斯等编;萧佩蘅等译.-北京:农业出版社,1991.6
    948页;26cm
    
    
    ISBN 7-109-01304-9(精装):CNY47.50
    
●
相关链接 在E读中查询图书 在五车中查询图书 在当当中查询图书 在豆瓣中查询图书


正题名:实验动物医学     索取号:R-332/7         预约/预借

序号 登录号 条形码 馆藏地/架位号 状态 备注
1 0262845   000704054   第二样本阅览室/ [索取号:R-332/7] 在馆    
唐山师范学院图书馆 欢迎您!
大连网信软件有限公司© 版权所有